000 00890nam a22002537a 4500
999 _c21533
_d21533
003 AR-CdUCM
008 190311b ||||| |||| 00| 0 spa d
020 _a9786123173128
040 _aMUNICIPALIDAD PROVINCIAL DEL CUSCO
_cBIBLIOTECA MUNICIPAL DEL CUSCO
082 _a343.2/R91
_bR91
_2sexta
100 _aRubio Correa, Marcial
_93515
245 _aPara conocer la Constitución de 1993 /
_cMarcial Rubio Correa
260 _aLima :
_bPontificia Universidad Católica del Perú,
_c2017.
300 _a340 páginas. :
_c21 cm.
500 _zIncluye referencias bibliográficas.
650 _aConstitución (1993)
_945262
650 _aDerecho constitucional
_94734
650 _aLegislación
_945263
650 _aInterpretación y aplicación
_98705
650 _aPerú
_945264
710 _aPontificia Universidad Católica del Perú
_9400
942 _2ddc
_cLIBROS
945 _aRoel